Winery in Pezinok

Enregistré dans:
Détails bibliographiques
Auteur principal: Saatçi, Bilge Bahar (Auteur)
Autres auteurs: Pifko, Henrich (Directeur de thèse)
Format: Manuscrit Livre
Langue:slovaque
anglais
Publié: 2025
Sujets:
Accès en ligne:http://is.stuba.sk/zp/portal_zp.pl?podrobnosti=186575
Tags: Ajouter un tag
Pas de tags, Soyez le premier à ajouter un tag!

MARC

LEADER 00000ntm a22000003a 4500
001 stuzp104559
003 SK-STU
005 20250607210612.1
007 ta
008 150427s2015----xo-----f-mn---000-0-slo-d
040 |a STU  |b slo 
041 0 |a eng 
100 1 |a Saatçi, Bilge Bahar  |u 052120  |4 aut  |U FAD Fakulta architektúry a dizajnu  |T FAD Ústav ekologickej a experimentálnej architektúry  |X 119683  |U A2120  |Y 393  |7 119683 
242 0 1 |a Vinárstvo v Pezinku  |y slo 
245 1 0 |a Winery in Pezinok 
260 |c 2025 
650 4 |a Regenerative Design  |2 eng 
650 4 |a Experimental Winery Design  |2 eng 
650 4 |a Responsive Structures  |2 eng 
650 4 |a Landscape Integration  |2 eng 
650 4 |a Sustainable Materials  |2 eng 
650 4 |a Biodiversity Enhancement  |2 eng 
650 4 |a Ecological Architecture  |2 eng 
650 4 |a Integrácia krajiny  |2 slo 
650 4 |a Regeneračný dizajn  |2 slo 
650 4 |a Reagujúce štruktúry  |2 slo 
650 4 |a Podpora biodiverzity  |2 slo 
650 4 |a Udržateľné materiály  |2 slo 
650 4 |a Ekologická architektúra  |2 slo 
650 4 |a Experimentálny dizajn vinárstva  |2 slo 
700 1 |a Pifko, Henrich  |u 052120  |k Z1  |4 ths  |U FAD Fakulta architektúry a dizajnu  |T FAD Ústav ekologickej a experimentálnej architektúry  |X 449  |U A2120  |Y 393  |7 A000000449 
856 4 |u http://is.stuba.sk/zp/portal_zp.pl?podrobnosti=186575